000 00390nam a2200157Ia 4500
008 160316s1985 xxu||||| |||| 00| 0 eng d
082 _a344.013100
_bSHI
100 _a
245 _aShiva's plight : A story of a child worker
250 _a
260 _aBangalore
_bInst. for Cultural Research & Action
_c1985
300 _a36p
_b
_c
365 _bRs.10/-
650 _a
700 _a
_a
999 _c10773
_d10773